[Event "Jastrzebie Zdroj op"]
[Site "Jastrzebie Zdroj"]
[Date "2018.08.18"]
[Round "1"]
[White "Poley, Vladimir"]
[Black "Sieber, Bohumil"]
[Result "1-0"]
[WhiteElo "2257"]
[BlackElo "1507"]
[PlyCount "85"]
[EventDate "2018.08.18"]
[EventType "swiss"]
[EventRounds "9"]
[EventCountry "POL"]
[SourceTitle "CBM 186 Extra"]
[Source "ChessBase"]
[SourceDate "2018.08.24"]
[SourceVersion "1"]
[SourceVersionDate "2018.08.24"]
[SourceQuality "1"]

1. Nf3 d5 2. b3 Nc6 3. Bb2 f6 4. d4 Bg4 5. h3 Bxf3 6. exf3 a6 7. f4 e6 8. g3 Bd6 9. Bg2 Nge7 10. 0-0 0-0 11. Qe2 Qd7 12. Re1 Nd8 13. c4 c6 14. Nc3 b6 15. c5 bxc5 16. Na4 Nc8 17. Nxc5 Bxc5 18. dxc5 Qb7 19. Rad1 Qb5 20. Qc2 Ra7 21. Rd4 Ne7 22. Ra4 Qb8 23. Bf1 Qc8 24. Bc3 Nb7 25. Rxa6 Rxa6 26. Bxa6 Qa8 27. Bxb7 Qxb7 28. Qe2 Rf7 29. Qxe6 Ng6 30. Qd6 Qd7 31. Re6 Qxd6 32. Rxd6 Rc7 33. a4 Kf7 34. Ba5 Rc8 35. Rd7+ Ne7 36. Bd8 Ke8 37. Rxe7+ Kxd8 38. Rxg7 Rc7 39. Rg8+ Kd7 40. f5 Rb7 41. a5 Rxb3 42. a6 Ra3 43. a7 1-0